| 000 -LEADER |
| fixed length control field |
00819nam a2200217Ia 4500 |
| 001 - CONTROL NUMBER |
| control field |
1052 |
| 003 - CONTROL NUMBER IDENTIFIER |
| control field |
GE_BSU |
| 008 - FIXED-LENGTH DATA ELEMENTS--GENERAL INFORMATION |
| fixed length control field |
181216s||||||||xx |||||||||||||| ||und|| |
| 020 ## - INTERNATIONAL STANDARD BOOK NUMBER |
| International Standard Book Number |
978576953493 |
| 040 ## - CATALOGING SOURCE |
| Transcribing agency |
GE_BSU |
| 100 ## - MAIN ENTRY--PERSONAL NAME |
| Personal name |
Рупперт,Э.Эдвард; Фокс,С Ричард;Баронс,Д.Роберт; |
| 245 ## - TITLE STATEMENT |
| Title |
Зоолоия беспозвоночных.Функциональные и эволюционные аспекты.В 4-х томах.т -3 членистоногие. Учебник. |
| 245 ## - TITLE STATEMENT |
| Statement of responsibility, etc. |
Пер.с англ. Под.ред. А.А.Добровольского и А.А.И.Грановича.Пер.с англ. |
| 260 ## - PUBLICATION, DISTRIBUTION, ETC. |
| Place of publication, distribution, etc. |
Москва |
| 260 ## - PUBLICATION, DISTRIBUTION, ETC. |
| Name of publisher, distributor, etc. |
Академия |
| 260 ## - PUBLICATION, DISTRIBUTION, ETC. |
| Date of publication, distribution, etc. |
2008 |
| 300 ## - PHYSICAL DESCRIPTION |
| Extent |
487 с. |
| 653 ## - INDEX TERM--UNCONTROLLED |
| Uncontrolled term |
Зоология |
| 942 ## - ADDED ENTRY ELEMENTS (KOHA) |
| Koha item type |
წიგნი |